The Hidden Splendor (Record no. 16944)

MARC details
000 -LEADER
fixed length control field 00380nam a2200169 a 4500
020 ## - INTERNATIONAL STANDARD BOOK NUMBER
ISBN 9788179929742
082 00 - DEWEY DECIMAL CLASSIFICATION NUMBER
Classification number 299.93
Author Cutter OSH2
100 ## - MAIN ENTRY--AUTHOR NAME
Author name Osho,
245 ## - TITLE STATEMENT
Title The Hidden Splendor
260 ## - PUBLICATION, DISTRIBUTION, ETC. (IMPRINT)
Place of publication Delhi
Name of publisher Jaico Pub. House
Year of publication 2009
300 ## - PHYSICAL DESCRIPTION
Number of Pages 578p
500 ## - GENERAL NOTE
General note includes index and biblioraphy
650 ## - SUBJECT ADDED ENTRY--TOPICAL TERM
Topical Term Spirituality
942 ## - ADDED ENTRY ELEMENTS (KOHA)
Koha item type Books
700 1# -
-- Osho,
Holdings
Home library Current library Date acquired Cost, normal purchase price Full call number Accession Number Koha item type
Henry Martyn Institute Library Henry Martyn Institute Library 10/23/2009 375.00 299.93 OSH2 022925 Books
                   Copyright © 2026 | Henry Martyn Institute | Hyderabad | TS-500052 | INDIA | Implemented by hmi.edu.in
Hit-Count:

Powered by Koha